000 01150cad a22002055a 4500
001 L152415
008 110304s2011 xxk f 000 0 eng d
035 _a(Sirsi) u152415
041 0 _aeng
050 0 4 _a306.1 $2 18
110 2 _aFamily Mosaic
_95923
245 0 0 _aMirror signal manoeuvre
_bour drive to provide more social housing
_h[electronic resource]
260 _aLondon
_bFamily Mosaic
_c2011
520 _aReports on the results of research undertaken to evaluate how the introduction of affordable rents model allowing social housing providers to offer properties to rent for up to 80% of market rent to new tenants. Assesses the impact of charging between 60% and 80% of market rent on a sample of 50 new tenants and whether the proposed new affordable housing model reduces or increases the proverty trap and dependency on housing benefit.
590 _aKA NTK
651 4 _aEngland
_y886-
690 _aPROPERTY-RESIDENTIAL PROPERTY-DOMESTIC RESIDENTIAL PROPERTY-HOUSING
856 4 0 _uhttps://www.familymosaic.co.uk/documents/FM_MSM_final_interactive_2up.pdf
_zView the item free of charge at www.familymosaic.co.uk
942 _n0
999 _c112049
_d112049